00539 2200193 4500001002100000005001700021008004100038035002600079245005700105100001700162260005500179300003000234020000600264082001000270084001600280650001300296650002400309990001200333INLIS00000000000032220240612145347.0240612| ||| |  a 0010-06240000000032200aMetode Riset Aplikasinya Dalam PemasarancJ.Supranto0 aSupranto, J. aJakarta :bLembaga Penerbit Fakultas Ekonomic1986 aix, 283 halaman ;c24 cm. a-0 a001.4 a001.4 SUP m 0aResearch 0aStatistical Methods a0000509